| 000 | 01186nam a22003018i 4500 | ||
|---|---|---|---|
| 001 | 016516269 | ||
| 003 | OSt | ||
| 005 | 20140323104940.0 | ||
| 008 | 130930t2012 xxkako frb 001 0 eng d | ||
| 020 | _a9781847205957 (cased) | ||
| 020 | _a9781782540182 (pbk.) | ||
| 040 |
_aStDuBDS _beng _cStDuBDS _erda |
||
| 082 | 0 | 4 |
_a658.049 _222 _bBHA |
| 100 | 1 |
_aBhagat, Rabi S., _d1950- _935727 |
|
| 245 | 1 | 0 |
_aManaging global organizations : _ba cultural perspective / _cRabi S. Bhagat, Harry C. Triandis and Annette S. McDevitt. |
| 260 |
_aCheltenham, United Kingdom ; _aNorthampton, United States : _bEdward Elgar, _cc.2012 _f(MPG Books Group) |
||
| 300 |
_axvii, 343 p. : _bforms, photographs, tables ; _c24 cm. |
||
| 500 | _aIndex : p. 331-343. | ||
| 504 | _aIncludes bibliographical references. | ||
| 650 | 0 |
_aManagement _xCross-cultural studies _935728 |
|
| 650 | 0 |
_aInternational business enterprises _xManagement _94507 |
|
| 650 | 0 |
_aOrganizational behavior _xCross-cultural studies _935729 |
|
| 653 |
_bBUSADM _cMarch2014 |
||
| 655 |
_vreading book _934232 |
||
| 700 | 1 |
_aTriandis, Harry Charalambos, _d1926- _935730 |
|
| 700 | 1 |
_aMcDevitt, Annette S. _935731 |
|
| 942 |
_2ddc _k658.049 BHA |
||
| 999 |
_c18141 _d18113 |
||